Floral design in Polemonium Brandegei (Polemoniaceae) : genetic and phenotypic variation under hawkmoth and hummingbird pollination /
Đã lưu trong:
| 主要作者: | |
|---|---|
| 其他作者: | |
| 格式: | Bài viết |
| 语言: | English |
| 主题: | |
| 标签: |
添加标签
没有标签, 成为第一个标记此记录!
|
| Thư viện lưu trữ: | Thư viện Trường Đại học Đà Lạt |
|---|
| LEADER | 00895nam a2200277 4500 | ||
|---|---|---|---|
| 001 | DLU090067183 | ||
| 005 | ##20090407 | ||
| 040 | # | # | |a DLU |b eng |
| 041 | # | # | |a eng |
| 044 | # | # | |a US |
| 100 | # | # | |a Kulbaba, Mason W. |
| 245 | # | # | |a Floral design in Polemonium Brandegei (Polemoniaceae) : genetic and phenotypic variation under hawkmoth and hummingbird pollination / |c Mason W. Kulbaba, Anne C. Worley. |
| 653 | # | # | |a Heritability |
| 653 | # | # | |a Herkogamy |
| 653 | # | # | |a Polemoniaceae |
| 700 | # | # | |a Worley, Anne C. |
| 773 | # | # | |t International Journal of Plant Sciences |g Vol. 169, no. 4 (May 2008), p. 509-522 |
| 920 | # | # | |a Phòng Tạp chí -- Trung tâm Thông tin - Thư viện Trường Đại học Đà Lạt |
| 994 | # | # | |a DLU |
| 900 | # | # | |a True |
| 911 | # | # | |a Trương Bảo Trâm Anh |
| 925 | # | # | |a G |
| 926 | # | # | |a A |
| 927 | # | # | |a BB |
| 980 | # | # | |a Thư viện Trường Đại học Đà Lạt |